Statystyki dla Najwięksi producenci ropy naftowej

Kliknij tutaj aby rozwiązać quiz!

Ogólne statystyki

  • Ten quiz został rozwiązany 30 razy
  • Średni wynik to 15 z 20

Statystyki odpowiedzi

Produkcja bbl. dziennieOdpowiedź% Poprawnych
9313Arabia Saudyjska
100%
3988Chiny
100%
10112Rosja
100%
11186Stany Zjednoczone
100%
4085Irak
91%
3110Iran
91%
4439Kanada
91%
971Oman
91%
1734Meksyk
87%
1304Katar
83%
2905Brazylia
78%
2527Kuwejt
78%
3091Zjednoczone Emiraty Arabskie
78%
1776Norwegia
70%
809Wielka Brytania
61%
1541Nigeria
57%
1238Libia
52%
1764Kazachstan
48%
1135Algieria
43%
1127Angola
13%

Rozkład punktacji

Percentyl według liczby udzielonych odpowiedzi

Procent ludzi z każdym wynikiem

Twoja historia wyników

Nie rozwiązałeś tego quizu